ARRUPE JESUIT UNIVERSITY

CORONAVIRUS -STOP THE SPREAD - CLEAN,DISINFECT,COVER

The fruit of lips : (Record no. 124360)

MARC details
000 -LEADER
fixed length control field 01189cam a22003378i 4500
001 - CONTROL NUMBER
control field 4432768
003 - CONTROL NUMBER IDENTIFIER
control field ARRUPE
005 - DATE AND TIME OF LATEST TRANSACTION
control field 20160315111631.0
008 - FIXED-LENGTH DATA ELEMENTS--GENERAL INFORMATION
fixed length control field 780421s1978 pau b 000 0 eng
010 ## - LIBRARY OF CONGRESS CONTROL NUMBER
LC control number 78008524
020 ## - INTERNATIONAL STANDARD BOOK NUMBER
International Standard Book Number 0915138263 :
035 ## - SYSTEM CONTROL NUMBER
System control number (OCoLC)3893625
035 ## - SYSTEM CONTROL NUMBER
System control number (OCoLC)ocm03893625
035 ## - SYSTEM CONTROL NUMBER
System control number (NNC)4432768
040 ## - CATALOGING SOURCE
Original cataloging agency DLC
Transcribing agency DLC
Modifying agency NNUT
050 0# - LIBRARY OF CONGRESS CALL NUMBER
Classification number BT303.2
Item number .R67 1978
090 ## - LOCALLY ASSIGNED LC-TYPE CALL NUMBER (OCLC); LOCAL CALL NUMBER (OCLC)
Classification number (OCLC) (R) ; Classification number, CALL (RLIN) (NR) BT303.2
Local cutter number (OCLC) ; Book number/undivided call number, CALL (RLIN) .R67 1978
300 ## - PHYSICAL DESCRIPTION
Dimensions 22 cm.
100 1# - MAIN ENTRY--PERSONAL NAME
Personal name Rosenstock-Huessy, Eugen,
Dates associated with a name 1888-1973.
9 (RLIN) 22888
245 14 - TITLE STATEMENT
Title The fruit of lips :
Remainder of title or why four Gospels /
Statement of responsibility, etc by Eugen Rosenstock-Huessy ; edited by Marion Davis Battles.
260 ## - PUBLICATION, DISTRIBUTION, ETC. (IMPRINT)
Place of publication, distribution, etc Pittsburgh :
Name of publisher, distributor, etc Pickwick Press,
Date of publication, distribution, etc 1978.
300 ## - PHYSICAL DESCRIPTION
Extent xxii, 144 p. ;
490 1# - SERIES STATEMENT
Series statement Pittsburgh theological monograph series ;
Volume number/sequential designation 19
504 ## - BIBLIOGRAPHY, ETC. NOTE
Bibliography, etc Includes bibliographical references.
600 00 - SUBJECT ADDED ENTRY--PERSONAL NAME
Personal name Jesus Christ
General subdivision Historicity.
9 (RLIN) 558
600 00 - SUBJECT ADDED ENTRY--PERSONAL NAME
Personal name Jesus Christ
General subdivision History of doctrines
Chronological subdivision Early church, ca. 30-600.
9 (RLIN) 3540
630 00 - SUBJECT ADDED ENTRY--UNIFORM TITLE
Uniform title Bible.
Name of part/section of a work Gospels
General subdivision Criticism, interpretation, etc.
9 (RLIN) 22889
700 1# - ADDED ENTRY--PERSONAL NAME
Personal name Battles, Marion Davis.
9 (RLIN) 22890
830 #0 - SERIES ADDED ENTRY--UNIFORM TITLE
Uniform title Pittsburgh theological monograph series ;
Volume number/sequential designation 19.
9 (RLIN) 22891
942 ## - ADDED ENTRY ELEMENTS (KOHA)
Source of classification or shelving scheme Library of Congress Classification
Koha item type Monograph ( Printed materials)
Holdings
Withdrawn status Lost status Source of classification or shelving scheme Damaged status Not for loan Collection code Home library Current library Shelving location Date acquired Total Checkouts Full call number Barcode Date last seen Price effective from Koha item type
    Library of Congress Classification     Main Collection ARRUPE LIBRARY ARRUPE LIBRARY Main Collection 15/03/2016   BT303.2 .R67 1978 46500006678 15/03/2016 15/03/2016 Monograph ( Printed materials)

 

Arrupe Library. PO Box MP320 Mt Pleasant, Harare, Zimbabwe
263 242 745411|librarian@aju.ac.zw